| 000 | 00818nam a2200265 4500 | ||
|---|---|---|---|
| 003 | EG-GICUC | ||
| 005 | 20260301120931.0 | ||
| 008 | 260301s1935 fr ||||fr|||| 00| 0 fre d | ||
| 040 |
_aEG-GiCUC _bfre _cEG-GiCUC _dEG-GiCUC _eRda |
||
| 041 | 0 | _afre | |
| 082 | 0 | 4 |
_221 _a341.0436 _bBA . C |
| 092 | 0 | 4 | _221 |
| 099 | _aLaw1 11 341.0436 BA . C 1935 | ||
| 100 | 1 |
_aBasdevant, Jean _eAuteur |
|
| 245 | 1 | 2 |
_aLa condition internationale de l' autrichev / _cJean Basdevant. |
| 300 |
_a299 page ; _c 24 cm. |
||
| 336 |
_2rda contenu _a texte |
||
| 337 |
_2rda medias _aOrdinateur |
||
| 338 |
_2 transporteur rda _a Ressource en ligne |
||
| 546 | _aTexte en français | ||
| 650 | 1 | 4 | _aDroit international public |
| 856 | 4 | 0 | _uhttps://fll.law.cu.edu.eg/fulltext/bks/B11-08367.pdf |
| 905 | _a30 | ||
| 942 |
_2ddc _cBK _e21 _n0 |
||
| 999 |
_c64478 _d64478 |
||